Solar engineering of thermal processes / (Record no. 355182)
[ view plain ]
| 000 -LEADER | |
|---|---|
| fixed length control field | 01455cam a22003854a 4500 |
| 001 - CONTROL NUMBER | |
| control field | 14171278 |
| 003 - CONTROL NUMBER IDENTIFIER | |
| control field | Nust- CAS-E |
| 005 - DATE AND TIME OF LATEST TRANSACTION | |
| control field | 20180118181352.0 |
| 008 - FIXED-LENGTH DATA ELEMENTS--GENERAL INFORMATION | |
| fixed length control field | 051117s2006 njua b 001 0 eng |
| 010 ## - LIBRARY OF CONGRESS CONTROL NUMBER | |
| LC control number | 2005033603 |
| 015 ## - NATIONAL BIBLIOGRAPHY NUMBER | |
| National bibliography number | GBA657266 |
| Source | bnb |
| 016 7# - NATIONAL BIBLIOGRAPHIC AGENCY CONTROL NUMBER | |
| Record control number | 013499621 |
| Source | Uk |
| 020 ## - INTERNATIONAL STANDARD BOOK NUMBER | |
| International Standard Book Number | 0471698679 |
| 020 ## - INTERNATIONAL STANDARD BOOK NUMBER | |
| International Standard Book Number | 9780471698678 |
| 035 ## - SYSTEM CONTROL NUMBER | |
| System control number | (OCoLC)ocm62326783 |
| 035 ## - SYSTEM CONTROL NUMBER | |
| System control number | (OCoLC)62326783 |
| 040 ## - CATALOGING SOURCE | |
| Original cataloging agency | DLC |
| Transcribing agency | DLC |
| Modifying agency | BAKER |
| -- | UKM |
| -- | C#P |
| -- | VP@ |
| -- | COO |
| -- | YDXCP |
| -- | OCLCQ |
| -- | BTCTA |
| -- | E3Q |
| -- | DLC |
| 042 ## - AUTHENTICATION CODE | |
| Authentication code | pcc |
| 050 00 - LIBRARY OF CONGRESS CALL NUMBER | |
| Classification number | TJ810 |
| Item number | .D82 2006 |
| 082 00 - DEWEY DECIMAL CLASSIFICATION NUMBER | |
| Classification number | 621.47 |
| Edition number | 22 |
| Author Mark | DUF 2006 |
| 100 1# - MAIN ENTRY--PERSONAL NAME | |
| Personal name | Duffie, John A. |
| 245 10 - TITLE STATEMENT | |
| Title | Solar engineering of thermal processes / |
| Statement of responsibility, etc. | John A. Duffie, William A. Beckman. |
| 250 ## - EDITION STATEMENT | |
| Edition statement | 3rd ed. |
| 260 ## - PUBLICATION, DISTRIBUTION, ETC. | |
| Place of publication, distribution, etc. | Hoboken, N.J. : |
| Name of publisher, distributor, etc. | Wiley, |
| Date of publication, distribution, etc. | c2006. |
| 300 ## - PHYSICAL DESCRIPTION | |
| Extent | xix, 908 p. : |
| Other physical details | ill. ; |
| Dimensions | 25 cm. |
| 504 ## - BIBLIOGRAPHY, ETC. NOTE | |
| Bibliography, etc. note | Includes bibliographical references and index. |
| 650 #0 - SUBJECT ADDED ENTRY--TOPICAL TERM | |
| Topical term or geographic name entry element | Solar energy. |
| 700 1# - ADDED ENTRY--PERSONAL NAME | |
| Personal name | Beckman, William A. |
| 856 41 - ELECTRONIC LOCATION AND ACCESS | |
| Materials specified | Table of contents |
| Uniform Resource Identifier | <a href="http://www.loc.gov/catdir/toc/ecip063/2005033603.html">http://www.loc.gov/catdir/toc/ecip063/2005033603.html</a> |
| 856 42 - ELECTRONIC LOCATION AND ACCESS | |
| Materials specified | Contributor biographical information |
| Uniform Resource Identifier | <a href="http://www.loc.gov/catdir/enhancements/fy0827/2005033603-b.html">http://www.loc.gov/catdir/enhancements/fy0827/2005033603-b.html</a> |
| 856 42 - ELECTRONIC LOCATION AND ACCESS | |
| Materials specified | Publisher description |
| Uniform Resource Identifier | <a href="http://www.loc.gov/catdir/enhancements/fy0827/2005033603-d.html">http://www.loc.gov/catdir/enhancements/fy0827/2005033603-d.html</a> |
| 906 ## - LOCAL DATA ELEMENT F, LDF (RLIN) | |
| a | 7 |
| b | cbc |
| c | orignew |
| d | 1 |
| e | ecip |
| f | 20 |
| g | y-gencatlg |
| 942 ## - ADDED ENTRY ELEMENTS (KOHA) | |
| Source of classification or shelving scheme | |
| Koha item type | Book |
| Withdrawn status | Lost status | Source of classification or shelving scheme | Damaged status | Not for loan | Permanent Location | Current Location | Shelving location | Date acquired | Source of acquisition | Total Checkouts | Total Renewals | Full call number | Barcode | Date last seen | Date last checked out | Copy number | Cost, replacement price | Price effective from | Koha item type | Collection code |
|---|---|---|---|---|---|---|---|---|---|---|---|---|---|---|---|---|---|---|---|---|
| US-Pakistan Center for Advanced Studies in Energy (USPCAS-E) | US-Pakistan Center for Advanced Studies in Energy (USPCAS-E) | General Stacks | 04/09/2013 | Victoria co | 4 | 2 | 621.47 DUF 2006 | CAS-E0000001 | 02/01/2016 | 12/28/2015 | 01 | 16206.00 | 01/31/2014 | Book | ||||||
| US-Pakistan Center for Advanced Studies in Energy (USPCAS-E) | US-Pakistan Center for Advanced Studies in Energy (USPCAS-E) | General Stacks | 04/09/2013 | Victoria co | 3 | 2 | 621.47 DUF 2006 | CAS-E0000002 | 11/04/2016 | 10/18/2016 | 02 | 16206.00 | 02/18/2014 | Book | ||||||
| US-Pakistan Center for Advanced Studies in Energy (USPCAS-E) | US-Pakistan Center for Advanced Studies in Energy (USPCAS-E) | General Stacks | 04/23/2013 | Anas Traders | 2 | 621.47 DUF 2006 | CAS-E0000303 | 09/20/2016 | 06/27/2016 | 03 | 0.00 | 07/21/2014 | Book | |||||||
| US-Pakistan Center for Advanced Studies in Energy (USPCAS-E) | US-Pakistan Center for Advanced Studies in Energy (USPCAS-E) | General Stacks | 04/23/2013 | Anas Traders | 621.47 DUF 2006 | CAS-E0000304 | 07/21/2014 | 04 | 0.00 | 07/21/2014 | Book | |||||||||
| US-Pakistan Center for Advanced Studies in Energy (USPCAS-E) | US-Pakistan Center for Advanced Studies in Energy (USPCAS-E) | General Stacks | 04/23/2013 | Anas Traders | 4 | 621.47 DUF 2006 | CAS-E0000305 | 06/01/2016 | 04/18/2016 | 05 | 0.00 | 07/21/2014 | Book | |||||||
| US-Pakistan Center for Advanced Studies in Energy (USPCAS-E) | US-Pakistan Center for Advanced Studies in Energy (USPCAS-E) | General Stacks | 04/23/2013 | Anas Traders | 2 | 1 | 621.47 DUF 2006 | CAS-E0000306 | 01/13/2016 | 12/28/2015 | 06 | 0.00 | 07/21/2014 | Book | ||||||
| US-Pakistan Center for Advanced Studies in Energy (USPCAS-E) | US-Pakistan Center for Advanced Studies in Energy (USPCAS-E) | General Stacks | 04/23/2013 | Anas Traders | 3 | 621.47 DUF 2006 | CAS-E0000307 | 01/08/2016 | 12/07/2015 | 07 | 0.00 | 07/21/2014 | Book | |||||||
| US-Pakistan Center for Advanced Studies in Energy (USPCAS-E) | US-Pakistan Center for Advanced Studies in Energy (USPCAS-E) | General Stacks | 04/23/2013 | Anas Traders | 3 | 1 | 621.47 DUF 2006 | CAS-E0000308 | 06/08/2016 | 04/15/2016 | 8 | 0.00 | 07/21/2014 | Book | ||||||
| US-Pakistan Center for Advanced Studies in Energy (USPCAS-E) | US-Pakistan Center for Advanced Studies in Energy (USPCAS-E) | General Stacks | 04/23/2013 | Anas Traders | 2 | 621.47 DUF 2006 | CAS-E0000309 | 12/01/2015 | 11/17/2015 | 09 | 0.00 | 07/21/2014 | Book | |||||||
| US-Pakistan Center for Advanced Studies in Energy (USPCAS-E) | US-Pakistan Center for Advanced Studies in Energy (USPCAS-E) | 04/23/2013 | Anas Traders | 6 | 1 | 621.47 DUF 2006 | CAS-E0000310 | 10/05/2016 | 08/26/2016 | 10 | 0.00 | 07/21/2014 | Book | |||||||
| US-Pakistan Center for Advanced Studies in Energy (USPCAS-E) | US-Pakistan Center for Advanced Studies in Energy (USPCAS-E) | General Stacks | 04/23/2013 | Anas Traders | 621.47 DUF 2006 | CAS-E0000311 | 07/21/2014 | 11 | 0.00 | 07/21/2014 | Book | |||||||||
| US-Pakistan Center for Advanced Studies in Energy (USPCAS-E) | US-Pakistan Center for Advanced Studies in Energy (USPCAS-E) | General Stacks | 04/23/2013 | Anas Traders | 1 | 621.47 DUF 2006 | CAS-E0000312 | 07/20/2016 | 11/27/2015 | 12 | 0.00 | 07/21/2014 | Book |
